000 00658nam a22001937a 4500
005 20180409144216.0
010 _aENG-122492
020 _a9789381950500
_c495.00
035 _aEN-106024
037 _bDBAD/PUB
082 _a503
245 _aThe what, why, how of science :
_ced. by Shyam Singh Tanwar [and] Mradulata
_b(in question -answers) /
260 _aJaipur
_bSankalp Prakashan
_c2018
270 _a467, Badayon ka Chowk, Govindrao Ji Ka Rasta, Chanpole Bazar,
_bJaipur
_e302001
300 _a116p.
_bill.
_c20cm(Hb)
490 _aLifetime Science Companion Series No. 2
700 _dMradulata
942 _2ddc
_cEN
_mTHE
_h503
999 _c150796
_d150796